[Event "Barcelona Rubi op 4th"]
[Site "Barcelona"]
[Date "2003.??.??"]
[Round "7"]
[White "Navarro Alvarez, Antonio"]
[Black "Fortes Gil, Jesus Emilio"]
[Result "0-1"]
[WhiteElo "2130"]
[BlackElo "2175"]
[PlyCount "54"]
[EventDate "2003.04.26"]
[EventType "swiss"]
[EventRounds "7"]
[EventCountry "ESP"]
[SourceTitle "EXT 2004"]
[Source "ChessBase"]
[SourceDate "2003.11.25"]
[SourceVersion "1"]
[SourceVersionDate "2003.11.25"]
[SourceQuality "1"]

1. e4 c5 2. Nf3 a6 3. c4 e6 4. d4 cxd4 5. Nxd4 Nf6 6. Nc3 Bb4 7. Bd3 Nc6 8. Nxc6 dxc6 9. 0-0 e5 10. a3 Bc5 11. Kh1 Ng4 12. Qf3 Qh4 13. h3 Nxf2+ 14. Kh2 0-0 15. Nd1 Bg4 16. Bg5 Qh5 17. Qg3 Bxd1 18. Raxd1 Nxd1 19. Be2 Qxe2 20. Bh6 g6 21. Qxe5 f6 22. Rxf6 Rxf6 23. Qxf6 Bg1+ 24. Kh1 Nf2+ 25. Kxg1 Qe1+ 26. Kh2 Qh1+ 27. Kg3 Nxe4+ 0-1

[Event "Sant Boi op"]
[Site "Sant Boi de Llobregat"]
[Date "1998.??.??"]
[Round "4"]
[White "Navarro Alvarez, Antonio"]
[Black "Sanchez Perales, Ezequiel"]
[Result "0-1"]
[WhiteElo "2185"]
[BlackElo "2265"]
[PlyCount "72"]
[EventDate "1998.??.??"]
[EventType "swiss"]
[EventRounds "8"]
[EventCountry "ESP"]
[SourceTitle "EXT 2003"]
[Source "ChessBase"]
[SourceDate "2002.11.25"]
[SourceVersion "1"]
[SourceVersionDate "2002.11.25"]
[SourceQuality "1"]

1. d4 Nf6 2. Bg5 d5 3. Bxf6 exf6 4. e3 Bf5 5. Bd3 Bg6 6. Ne2 Bd6 7. Nd2 Nc6 8. 0-0 Nb4 9. Bxg6 hxg6 10. h3 g5 11. c4 dxc4 12. Nxc4 g4 13. e4 gxh3 14. g3 Qd7 15. Nxd6+ Qxd6 16. Qa4+ Kf8 17. e5 h2+ 18. Kg2 fxe5 19. dxe5 Qd5+ 20. f3 Qd2 21. Kh1 Nc2 22. Rac1 Ne3 23. Rfe1 Rd8 24. Qe4 Nd1 25. Rcxd1 Qxd1 26. Nf4 Qd4 27. Qf5 Qf2 28. Ng6+ Ke8 29. Rc1 Qd2 30. Nxh8 Qxc1+ 31. Kxh2 Rd2+ 32. Kh3 Qh1+ 33. Kg4 Qxh8 34. e6 fxe6 35. Qb5+ Rd7 36. Qxb7 Qf8 0-1

[Event "Sant Boi op"]
[Site "Sant Boi de Llobregat"]
[Date "1998.??.??"]
[Round "5"]
[White "Navarro Alvarez, Antonio"]
[Black "Triquell Sanchez, Manel"]
[Result "1-0"]
[WhiteElo "2185"]
[BlackElo "2065"]
[PlyCount "47"]
[EventDate "1998.??.??"]
[EventType "swiss"]
[EventRounds "8"]
[EventCountry "ESP"]
[SourceTitle "EXT 2003"]
[Source "ChessBase"]
[SourceDate "2002.11.25"]
[SourceVersion "1"]
[SourceVersionDate "2002.11.25"]
[SourceQuality "1"]

1. d4 Nf6 2. Bg5 Ne4 3. Bh4 g5 4. Bg3 h5 5. f3 h4 6. fxe4 hxg3 7. h3 g4 8. e3 d6 9. Nc3 e5 10. Qe2 exd4 11. exd4 Qg5 12. Qb5+ Qxb5 13. Nxb5 Na6 14. Ne2 gxh3 15. gxh3 Bg4 16. Nxg3 Bd7 17. 0-0-0 0-0-0 18. Nxa7+ Kb8 19. Nb5 Bh6+ 20. Kb1 Rde8 21. Nc3 Bc6 22. Bc4 Bf4 23. Nce2 Be3 24. Bxf7 1-0

[Event "Sant Boi op"]
[Site "Sant Boi de Llobregat"]
[Date "1996.??.??"]
[Round "?"]
[White "Vazquez Cortado, Manel"]
[Black "Navarro Alvarez, Antonio"]
[Result "1-0"]
[WhiteElo "2040"]
[BlackElo "2130"]
[PlyCount "65"]
[EventDate "1996.??.??"]
[EventType "swiss"]
[EventRounds "9"]
[EventCountry "ESP"]
[SourceTitle "EXT 2003"]
[Source "ChessBase"]
[SourceDate "2002.11.25"]
[SourceVersion "1"]
[SourceVersionDate "2002.11.25"]
[SourceQuality "1"]

1. e4 e5 2. Nf3 Nc6 3. Bc4 Nf6 4. Ng5 d5 5. exd5 Na5 6. Bb5+ Bd7 7. Qe2 Bd6 8. Bxd7+ Qxd7 9. Nc3 0-0 10. a3 h6 11. Nge4 Nxe4 12. Nxe4 b6 13. d3 f5 14. Ng3 e4 15. dxe4 Bxg3 16. hxg3 fxe4 17. Bxh6 gxh6 18. Rxh6 Qf5 19. Rh5 Qg6 20. Rh4 Rf5 21. 0-0-0 Re8 22. Rxe4 Rxe4 23. Qxe4 Qf6 24. Rh1 Rxf2 25. Qg4+ Qg7 26. Qc8+ Qf8 27. Qe6+ Qf7 28. Qg4+ Kf8 29. Qc8+ Kg7 30. Qh8+ Kg6 31. Qh6+ Kf5 32. Qe3 Kg6 33. Rh6+ 1-0